• 首页
  • 本馆介绍
  • 公告通知
  • 最新文献
  • 馆藏检索
  • 电子资源
  • 读者导购
  • 参考咨询
  • 我的图书馆
  • 登录
  • 详细信息显示
  • 放入我的书架
  • 预约/预借图书
  • 作者相关作品
  • 分类相关作品
  • 丛书相关作品
  • 出版社相关作品

书目信息

  • 表格格式
  • 工作单格式
  • 卡片格式
题名:
图形创意
    
 
作者: 杨为渝 , 周靖明 编著
分册:  
出版信息: 重庆   重庆大学出版社  2002
页数: 87页
开本: 29cm
丛书名: 高等院校艺术设计专业丛书
单 册:
中图分类: J061
科图分类:
主题词: 图案--构图学--设计--高等学校
电子资源:
ISBN: 7-5624-2621-X
000 00875oam2 2200253 45
001 002182221
005 20050329140727.5
010    @a7-5624-2621-X@dCNY34.00
100    @a20021031d2002 em y0chiy0110 ea
101 0  @achi
102    @aCN@b500000
105    @aa z 000yy
200 1  @a图形创意@Atu xing chuang yi@f杨为渝,周靖明编著@FYang Wei Yu,Zhou Jing Ming Bian Zhu
210    @a重庆@c重庆大学出版社@d2002
215    @a87页@c图@d29cm
225 2  @a高等院校艺术设计专业丛书
330    @a本书内容包括:图形和图形创意、图形创意的思维和创意的发掘、图形创意的形式、图形创意的组织、图形创意的语境、图形创意的表现方法、图形创意的应用等。
410    @12001 @a高等院校艺术设计专业丛书
606 0  @a图案@x构图学@x设计@x高等学校
690    @aJ061@v4
701  0 @a杨为渝@4编著
701  0 @a周靖明@4编著
801  0 @aCN@bNLC@c20030526
905    @b346639-641@dJ061@e129@f3
    
    图形创意/杨为渝,周靖明编著.-重庆:重庆大学出版社,2002
    87页:图;29cm.-(高等院校艺术设计专业丛书)
    
    
    ISBN 7-5624-2621-X:CNY34.00
    本书内容包括:图形和图形创意、图形创意的思维和创意的发掘、图形创意的形式、图形创意的组织、图形创意的语境、图形创意的表现方法、图形创意的应用等。
●
相关链接 在E读中查询图书 在五车中查询图书 在当当中查询图书 在豆瓣中查询图书


正题名:图形创意     索取号:J061/129         预约/预借

序号 登录号 条形码 馆藏地/架位号 状态 备注
1 0346639   203466392   第一样本阅览室/ [索取号:J061/129] 在馆    
2 0346640   203466409   第一借阅区/ [索取号:J061/129] 在馆    
唐山师范学院图书馆 欢迎您!
大连网信软件有限公司© 版权所有